| Tag |
First Indicator |
Second Indicator |
Subfields |
| LEADER |
00000cam a2200000 a 4500 |
| 001 |
in00000088227 |
| 005 |
20151008063105.0 |
| 008 |
820506s1981 enk b 00100 eng |
| 010 |
|
|
|a 80042296
|
| 015 |
|
|
|a GB***
|
| 020 |
|
|
|a 0710005059
|
| 035 |
|
|
|a (OCoLC)08473543
|
| 035 |
|
|
|9 AAK1562AM
|
| 039 |
0 |
|
|a 2
|b 3
|c 3
|d 3
|e 3
|
| 040 |
|
|
|a DLC
|c DLC
|d TXA
|d UtOrBLW
|
| 049 |
|
|
|a TXAM
|c [1362520]
|
| 050 |
0 |
0 |
|a PR5496
|b R6
|
| 082 |
0 |
|
|a 828/.809
|2 19
|
| 245 |
0 |
0 |
|a Robert Louis Stevenson, the critical heritage /
|c edited by Paul Maixner.
|
| 264 |
|
1 |
|a London ;
|a Boston :
|b Routledge & Kegan Paul,
|c 1981.
|
| 300 |
|
|
|a xxiii, 532 pages ;
|c 23 cm.
|
| 336 |
|
|
|a text
|b txt
|2 rdacontent
|
| 337 |
|
|
|a unmediated
|b n
|2 rdamedia
|
| 338 |
|
|
|a volume
|b nc
|2 rdacarrier
|
| 490 |
1 |
|
|a The Critical heritage series
|
| 500 |
|
|
|a Includes indexes.
|
| 504 |
|
|
|a Bibliography: page 519.
|
| 600 |
1 |
0 |
|a Stevenson, Robert Louis,
|d 1850-1894
|x Criticism and interpretation.
|
| 700 |
1 |
|
|a Maixner, Paul.
|
| 830 |
|
0 |
|a Critical heritage series.
|
| 999 |
|
|
|a MARS
|
| 999 |
f |
f |
|s dcd813e4-4600-39ac-8523-11548313618a
|i a0b052ff-fb7e-35f3-ad64-e392959e17fc
|t 0
|
| 952 |
f |
f |
|p normal
|a Texas A&M University
|b College Station
|c Sterling C. Evans Library
|d Evans: Library Stacks
|t 0
|e PR5496 R6
|h Library of Congress classification
|i unmediated -- volume
|m A14805973645
|
| 998 |
f |
f |
|a PR5496 R6
|t 0
|l Evans: Library Stacks
|